[Event "Hoogovens-B"]
[Site "Wijk aan Zee"]
[Date "1999.01.23"]
[Round "4"]
[White "Brodsky, Michail"]
[Black "Bosch, Jeroen"]
[Result "1/2-1/2"]
[WhiteElo "2530"]
[BlackElo "2470"]

1.e4 c5 2.Nf3 d6 3.Bb5+ Bd7 4.Bxd7+ Qxd7 5.c4 Nc6 6.Nc3 e5 7.d3 g6 8.a3 Bg7
9.Rb1 Nge7 10.b4 Nd4 11.O-O O-O 12.Bd2 b6 13.Nxd4 cxd4 14.Qa4 Qb7 15.Ne2 f5
16.f3 Kh8 17.Qb3 Ng8 18.Qa2 Bh6 19.a4 Qe7 20.Bxh6 Nxh6 21.Qd2 Kg7 22.a5 fxe4
23.dxe4 Rfc8 24.axb6 axb6 25.Rfc1 Nf7 26.Rb2 Ra7 27.Qd3 Rac7 28.Rbc2 Kg8
29.f4 Qd7  1/2-1/2

[Event "Ubeda op"]
[Site "Ubeda"]
[Date "1999.01.24"]
[Round "5"]
[White "Minasian, Ara"]
[Black "Saravanan, V."]
[Result "1-0"]
[WhiteElo "2450"]
[BlackElo "2390"]

1.e4 c5 2.Nf3 d6 3.Bb5+ Nc6 4.O-O Bd7 5.c3 a6 6.Bxc6 Bxc6 7.Re1 Nf6 8.d4 Bxe4
9.Bg5 Bxf3 10.Qxf3 e6 11.Bxf6 gxf6 12.Qxb7 Qc8 13.Qf3 Be7 14.dxc5 dxc5 15.Nd2 O-O
16.Re3 Kh8 17.Qh5 Rg8 18.Qxf7 Qb7 19.Nf3 c4 20.Nh4 Rg7 21.Qxe6 f5 22.Nf3 Bc5
23.Rd1 Bxe3 24.Qxe3 Qxb2 25.Qe5 Qb5 26.Qf6 Re8 27.g3 Qb7 28.Nd4 Qf7 29.Qxf5 Qxf5
30.Nxf5 Rb7 31.Rd6 Rb1+ 32.Kg2 Rc1 33.Rxa6 Rxc3 34.Rc6 Rc2 35.a4 Kg8 36.Nd4 Rc1
37.a5 Ra8 38.a6 Ra1 39.Rxc4 R1xa6 40.Nf5 R8a7 41.g4 Kf7 42.Kg3 Rf6 43.Rc5 Rb6
44.g5 Rb3+ 45.Kg4 Ra2 46.Nh6+ Kg6 47.Rc6+ Kg7 48.Rf6 Rbb2 49.Rf7+ Kg6 50.Rf6+ Kg7
51.Nf5+ Kg8 52.Kg3 Ra4 53.h3 Rb1 54.Nh6+ Kg7 55.Nf5+ Kg8 56.Nh6+ Kg7 57.f4 Ra8
58.Rf7+ Kg6 59.Kg4 Ra4 60.Rf6+ Kg7 61.Kh5 Rb7 62.Nf5+ Kg8 63.Nh6+ Kg7 64.f5 Ra8
65.Rd6 Rf8 66.f6+ Kh8 67.Re6 Ra7 68.h4 Rb7 69.Nf5 Rb5 70.Nd6 Rb1 71.Re7 Rb6
72.Nf7+ Kg8 73.Nh6+ Kh8 74.Rg7  1-0

[Event "BCF-chT 98/99 (4NCL)"]
[Site "GBR"]
[Date "1999.01.25"]
[Round "6"]
[White "Quillan, Gary"]
[Black "Duncan, Christopher R"]
[Result "1/2-1/2"]
[WhiteElo "2335"]
[BlackElo "2265"]

1.e4 c5 2.Nf3 d6 3.Bb5+ Bd7 4.Bxd7+ Qxd7 5.O-O Nc6 6.c3 Nf6 7.Re1 e6 8.d4 cxd4
9.cxd4 d5 10.e5 Ng8 11.Nc3 Nge7 12.Bf4 Rc8  1/2-1/2

[Event "Sydney Challenge op"]
[Site "Sydney"]
[Date "1999.01.25"]
[Round "1"]
[White "Levi, Eddy"]
[Black "Belin, Igor"]
[Result "1/2-1/2"]
[WhiteElo "2245"]
[BlackElo "2335"]

1.e4 c5 2.Nf3 d6 3.Bb5+ Bd7 4.Bxd7+ Qxd7 5.O-O Nf6 6.e5 dxe5 7.Nxe5 Qc7 8.d4 e6
9.Re1 Nc6 10.Bf4 Bd6 11.c3 cxd4 12.cxd4 Nd5 13.Bg3 O-O 14.Nc3 Nxc3 15.bxc3 Bxe5
16.dxe5 Ne7 17.Qb3 Rac8 18.Rac1 Nf5 19.Bf4 Qc4 20.Bd2 Rfd8 21.Rcd1 Rd3 22.Qxc4 Rxc4
23.Be3 Rcxc3 24.Bxa7 h5 25.Rb1 Ra3 26.Rxb7 Rxa2 27.h3 Rdd2 28.g3 g5 29.Rc1 Rac2
30.Rxc2 Rxc2 31.Kg2 Kg7 32.Kf3 Rc4 33.Rd7 g4+ 34.hxg4 hxg4+ 35.Kg2 Re4 36.Bb8 Nd4
37.Ra7 Nf3 38.Ra1 Kg6 39.Rd1 Re1 40.Rxe1 Nxe1+ 41.Kf1 Nf3 42.Ke2 Kf5 43.Ke3 Nxe5
44.Bc7 Nf3 45.Bb8 e5 46.Ba7 Ke6 47.Bb6 Kd5 48.Ba7 Nd4 49.Bb6 Nf5+ 50.Kd3 Nd4
51.Ke3 f5 52.Ba7 Ne6 53.Bb8 Nd8 54.Bc7 Nc6 55.Kd3 Nb4+ 56.Ke3 Nc2+ 57.Kd2 Na3
58.Kd3  1/2-1/2

[Event "Ubeda op"]
[Site "Ubeda"]
[Date "1999.01.25"]
[Round "6"]
[White "Pedzich, Dominik"]
[Black "Ricardi, Pablo"]
[Result "1-0"]
[WhiteElo "2435"]
[BlackElo "2545"]

1.e4 c5 2.Nf3 d6 3.Bb5+ Nd7 4.d4 Nf6 5.e5 Qa5+ 6.Nc3 Nd5 7.a4 a6 8.Bd2 Nxc3
9.Bxc3 Qc7 10.exd6 Qxd6 11.Bd3 cxd4 12.Nxd4 Nc5 13.O-O Nxd3 14.Qxd3 Qg6 15.Qc4 Bd7
16.Rfe1 Rc8 17.Qd5 Bc6 18.Nxc6 Qxc6 19.Qh5 Qg6 20.Qf3 Qc6 21.Qh5 Qg6 22.Qf3 Qc6
23.Re4 f6 24.Rae1 Kf7 25.h4 h5 26.Rd1 g6 27.Rd5 Kg8 28.Qd3 Rh7 29.Re3 Rg7
30.Qe4 e5 31.Qf3 Kh7 32.Qe4 Qc4 33.a5 Rf7 34.Qxc4 Rxc4 35.Red3 Kg7 36.g3 Rfc7
37.Rd8 Kf7 38.Bxe5 fxe5 39.Rf3+ Ke6 40.Rdxf8 Rxc2 41.R8f6+ Kd5 42.Rxg6 Rxb2
43.Rg5 Rc5 44.Rxh5 Rxa5 45.Kg2 Kd4 46.Rh8 e4 47.Rf4 Rd5 48.h5 Kd3 49.h6 e3
50.Re8 e2 51.h7 Rh5 52.Re3+ Kd2 53.Rd4+ Kc1 54.Rh4  1-0

[Event "Geneve op"]
[Site "Geneve"]
[Date "1999.01.29"]
[Round "7"]
[White "Ambrosini, Nicola"]
[Black "Vegh, Jean Pierre"]
[Result "1-0"]
[WhiteElo "2175"]
[BlackElo "2235"]

1.e4 c5 2.Nf3 d6 3.Bb5+ Nd7 4.O-O Nf6 5.Re1 a6 6.Bf1 e5 7.c3 Be7 8.d4 O-O
9.a4 h6 10.dxe5 dxe5 11.a5 Qc7 12.c4 Nh7 13.Nc3 Ndf6 14.Nd5 Nxd5 15.cxd5 Bd6
16.Nh4 Qe7 17.Qh5 Nf6 18.Qd1 Ng4 19.g3 Nf6 20.Bc4 Bg4 21.f3 Bd7 22.Qe2 Nh7
23.f4 Rfe8 24.f5 Kh8 25.Rf1 Rg8 26.Ra3 Rab8 27.Raf3 Qf6 28.Ng2 Ng5 29.Rb3 g6
30.h4 Nh7 31.g4 gxf5 32.exf5 Bc7 33.Bd2 Qd6 34.Rh3 b5 35.axb6 Rxb6 36.Ba5 Rbb8
37.Bc3 Bb5 38.Re1 Bxc4 39.Qxc4 Rbe8 40.Ra1 Rd8 41.Ne3 Ra8 42.Kf2 Qb6 43.g5 Qb5
44.d6 Bxd6 45.Qxf7 Rgf8 46.Qe6 Rad8 47.Qxh6 Kg8 48.f6 Rf7 49.Rf3  1-0

[Event "Sydney Challenge schev"]
[Site "Sydney"]
[Date "1999.01.29"]
[Round "7"]
[White "Martin, Benjamin"]
[Black "Berezina, Irina"]
[Result "1/2-1/2"]
[WhiteElo "2375"]
[BlackElo "2230"]

1.e4 c5 2.Nf3 d6 3.Bb5+ Bd7 4.Bxd7+ Qxd7 5.O-O Nc6 6.c4 Ne5 7.Nc3 Nxf3+ 8.Qxf3 g6
9.d3 Bg7 10.Bg5 Nf6 11.Rae1 h6 12.Bf4 Qg4 13.Qxg4 Nxg4 14.Nd5 Kd7 15.b3 Be5
16.h3 Bxf4 17.Nxf4 Ne5 18.Rd1 Nc6 19.Ne2 a5 20.d4 cxd4 21.Nxd4 Rhc8 22.Nb5 Na7
23.Nc3 Ke8 24.Rd5 Nc6 25.Rb5 Ra7 26.Rb6 Nd8 27.Re1 Rc6 28.Rb5 Ne6 29.e5 Nc7
30.exd6 Rxd6 31.Rbe5 e6 32.Ne4 Rd4 33.Nf6+ Kf8 34.Rc5 b6 35.Rc6 Rb7 36.c5 bxc5
37.Rxc5 Nd5 38.Ng4 a4 39.Nxh6 axb3 40.axb3 Rxb3 41.Rc8+ Kg7 42.Ng4 Rdb4 43.Ra1 Rb1+
44.Rc1  1/2-1/2

[Event "Hoogovens-B"]
[Site "Wijk aan Zee"]
[Date "1999.01.29"]
[Round "9"]
[White "Van den Doel, Erik"]
[Black "Leitao, Rafael"]
[Result "0-1"]
[WhiteElo "2547"]
[BlackElo "2545"]

1.e4 c5 2.Nf3 d6 3.Bb5+ Bd7 4.Bxd7+ Qxd7 5.c4 Nc6 6.O-O Nf6 7.Nc3 g6 8.d4 cxd4
9.Nxd4 Bg7 10.Nde2 O-O 11.f3 Rfc8 12.Kh1 a6 13.a4 Qd8 14.b3 Nd7 15.Rb1 Nc5
16.Bg5 Nb4 17.Qd2 Rab8 18.Nc1 Qf8 19.Re1 b6 20.Nd5 Nxd5 21.exd5 e5 22.Na2 Rb7
23.Nb4 f5 24.Be3 f4 25.Bxc5 bxc5 26.Nc6 Re8 27.b4 cxb4 28.Rxb4 Rxb4 29.Qxb4 e4
30.fxe4 f3 31.Rf1 Qf4 32.gxf3 Rxe4 33.Qb8+ Bf8 34.Qb2 Re8 35.Qc2 Re3 36.Qc1 Bh6
37.c5 dxc5 38.d6 Qxd6 39.Qc4+ Kg7 40.Qxa6 Bf4 41.Rf2 Re1+ 42.Kg2 Bxh2 43.f4 Qd5+
44.Rf3 Qd2+ 45.Kh3 Bxf4  0-1

[Event "Nova Gorica op"]
[Site "Nova Gorica"]
[Date "1999.01.30"]
[Round "3"]
[White "Sale, Srdjan"]
[Black "Cvitan, Ognjen"]
[Result "1/2-1/2"]
[WhiteElo "2415"]
[BlackElo "2521"]

1.e4 c5 2.Nf3 d6 3.Bb5+ Bd7 4.Bxd7+ Qxd7 5.c4 Nc6 6.Nc3 g6 7.d4 cxd4 8.Nxd4 Bg7
9.Be3 Nf6 10.h3 O-O 11.O-O e6 12.Rc1 Rfd8 13.f4  1/2-1/2

[Event "Saintly Cup"]
[Site "Sydney"]
[Date "1999.01.30"]
[Round "8"]
[White "West, Guy"]
[Black "Oral, Tomas"]
[Result "0-1"]
[WhiteElo "2414"]
[BlackElo "2521"]

1.e4 c5 2.Nf3 d6 3.Bb5+ Nd7 4.O-O Nf6 5.Re1 a6 6.Bf1 b6 7.c4 Bb7 8.Nc3 e6
9.d4 cxd4 10.Nxd4 Be7 11.b3 O-O 12.Bb2 Re8 13.Qd2 Bf8 14.Rad1 Qc7 15.Qg5 Rad8
16.Bd3 Nc5 17.Bb1 Ba8 18.Re3 Qb7 19.Rde1 Ncd7 20.Rg3 Rc8 21.f4 Rc5 22.e5 dxe5
23.fxe5 Qb8 24.Nd5 exd5 25.Nf5 g6 26.e6 d4 27.Bxd4 Rxe6 28.Rxe6 fxe6 29.Bxf6 exf5
30.Bxf5 Qd6 31.Qh5 Qxf6  0-1

[Event "Geneve op"]
[Site "Geneve"]
[Date "1999.01.31"]
[Round "9"]
[White "Ambrosini, Nicola"]
[Black "Astengo, Corrado"]
[Result "1/2-1/2"]
[WhiteElo "2175"]
[BlackElo "2191"]

1.e4 c5 2.Nf3 d6 3.Bb5+ Bd7 4.Bxd7+ Nxd7 5.O-O Ngf6 6.Re1 e6 7.c3 Be7 8.d4 cxd4
9.cxd4 O-O 10.Nc3 Nb6 11.b3 Rc8 12.Bb2 Re8 13.Qd3 d5 14.e5 Nfd7 15.Re3 Nf8
16.Rae1 Rc6 17.Nd2 a6 18.Rg3 Qc7 19.Ree3  1/2-1/2

[Event "BL2-S9899"]
[Site "Germany"]
[Date "1999.01.31"]
[Round "5.7"]
[White "Cieza Vega, Arcadio"]
[Black "Bach, Edwin"]
[Result "0-1"]
[WhiteElo "2335"]
[BlackElo "2242"]

1.e4 c5 2.Nf3 d6 3.Bb5+ Nd7 4.O-O Nf6 5.Re1 a6 6.Bf1 b6 7.d4 cxd4 8.Nxd4 Bb7
9.f3 e6 10.c4 Be7 11.Nc3 O-O 12.Be3 Qc7 13.Qd2 Rac8 14.Rac1 Qb8 15.Bf4 Rfe8
16.Bg3 Bd8 17.Red1 Bc7 18.Nc2 Ne5 19.Ne3 Kh8 20.Ne2 g5 21.Bxe5 dxe5 22.Ng4 Nxg4
23.fxg4 Bxe4 24.Ng3 Bg6 25.Qxg5 e4 26.Rc3 Be5 27.Rb3 Red8 28.Re1 f6 29.Qh4 Bd4+
30.Kh1 Qe5 31.Nh5 Bxh5 32.gxh5 f5 33.Ra3 Bc5 34.Rxa6 Rd2 35.b4 Bxb4 36.Rxb6 Bc5
37.Rb7 Qd4 38.Bd3 Rxd3 39.h6 Rd1 40.Rb1 Rxb1 41.Rxb1 Rd8 42.g4 e3  0-1

[Event "Bundesliga 9899"]
[Site "Germany"]
[Date "1999.01.31"]
[Round "9.6"]
[White "Kraut, Rainer"]
[Black "Mandel, Andreas"]
[Result "1/2-1/2"]
[WhiteElo "2460"]
[BlackElo "2360"]

1.e4 c5 2.Nf3 d6 3.Bb5+ Nd7 4.d4 Nf6 5.Bxd7+ Nxd7 6.O-O e6 7.dxc5 Nxc5 8.Bg5 Qc7
9.Re1 Nd7 10.a4 Ne5 11.Nd4 Bd7 12.Kh1 h6 13.Bh4 g5 14.Bg3 O-O-O  1/2-1/2

[Event "HUN-ch"]
[Site "Lillafured"]
[Date "1999.02.02"]
[Round "2"]
[White "Sax, Gyula"]
[Black "Almasi, Zoltan"]
[Result "1-0"]
[WhiteElo "2524"]
[BlackElo "2665"]

1.e4 c5 2.Nf3 d6 3.Bb5+ Bd7 4.Bxd7+ Qxd7 5.O-O Nc6 6.c4 Nf6 7.Nc3 g6 8.d3 Bg7
9.Rb1 O-O 10.a3 e6 11.b4 b6 12.Bd2 Rfd8 13.Qc1 Ne5 14.Ne1 d5 15.Bf4 Nc6 16.cxd5 exd5
17.bxc5 bxc5 18.Bg5 dxe4 19.Bxf6 Bxf6 20.Nxe4 Be7 21.Nxc5 Qd5 22.Ne4 Nd4
23.Kh1 Qa5 24.Rb7 Qxa3 25.Qc7 Nf5 26.g4 Rac8 27.Qe5 Qa6 28.Rxe7 Nxe7 29.Qxe7 h6
30.Nf3 Rxd3 31.Nfd2 Rcd8 32.Rb1 Qe6 33.Qxe6 fxe6 34.Rb2 Rf8 35.Ra2 Rf7 36.Ra6 Rc7
37.Kg2 Kg7 38.Nf3 Rd5 39.h4 Rb5 40.g5 hxg5 41.hxg5 Rb6 42.Ra5 a6 43.Nf6 Ra7
44.Ra4 Rb5 45.Rh4 Rxg5+ 46.Nxg5 Kxf6 47.Nf3 Ra8 48.Ra4 Ke7 49.Ra5 Kd6 50.Ng5  1-0

[Event "Nova Gorica op"]
[Site "Nova Gorica"]
[Date "1999.02.02"]
[Round "6"]
[White "Pavasovic, Dusko"]
[Black "Tratar, Marko"]
[Result "1/2-1/2"]
[WhiteElo "2502"]
[BlackElo "2450"]

1.e4 c5 2.Nf3 d6 3.Bb5+ Nd7 4.d4 Nf6 5.Nc3 a6 6.Bxd7+ Nxd7 7.O-O e6 8.dxc5 Nxc5
9.Bg5 Qc7 10.Qd4 Nd7 11.Rfd1 f6 12.Be3 Ne5 13.Na4 Nc4 14.Nd2 Nxe3 15.Qxe3 Bd7
16.Nb6 Rd8 17.Nxd7 Qxd7 18.Nb3 Be7 19.Nd4 g6 20.Qb3 Kf7 21.Ne2 Rhe8 22.c4 Rc8
23.Rac1 Rc5 24.Qh3 Kg7 25.b4 Rc7 26.Nf4 Bf8 27.c5 Qc8 28.c6 bxc6 29.Qb3 Kf7
30.Qh3  1/2-1/2

[Event "Yangon schev"]
[Site "Yangon"]
[Date "1999.02.04"]
[Round "5"]
[White "Khin Thaung"]
[Black "Zhu Chen"]
[Result "0-1"]
[WhiteElo "2509"]
[BlackElo "2487"]

1.e4 c5 2.Nf3 d6 3.Bb5+ Nd7 4.d4 Nf6 5.Nc3 a6 6.Bxd7+ Nxd7 7.e5 cxd4 8.Qxd4 dxe5
9.Nxe5 e6 10.Nc4 b5 11.Nd6+ Bxd6 12.Qxd6 Bb7 13.Bf4 Qe7 14.Qd3 e5 15.O-O-O exf4
16.Rhe1 Ne5 17.Rxe5 Qxe5 18.Qd7+ Kf8 19.Qxb7 Qb8 20.Qc6 h5 21.Rd7 Rh6 22.Qd5 Qe8
23.Ne4 Rc8 24.c3 Rg6 25.Rd6 Rxd6 26.Qxd6+ Kg8 27.Qxf4 Qe6 28.Ng5 Qd5 29.Nf3 Qxa2
30.Qf5 Rd8 31.Nd4 Qd5  0-1

[Event "Yangon schev"]
[Site "Yangon"]
[Date "1999.02.04"]
[Round "5"]
[White "Moun Moun Latt"]
[Black "Mas, Hafizulhelmi"]
[Result "1-0"]
[WhiteElo "2554"]
[BlackElo "2401"]

1.e4 c5 2.Nf3 d6 3.Bb5+ Bd7 4.Bxd7+ Nxd7 5.O-O Ngf6 6.Re1 e6 7.b3 Rc8 8.Bb2 Be7
9.d4 cxd4 10.Nxd4 Nc5 11.Nd2 a6 12.Qf3 h5 13.Rad1 Qc7 14.c4 Rh6 15.Qe2 Qb6
16.N4f3 e5 17.Nh4 Ng4 18.Nf5 Rg6 19.Rf1 Ne6 20.g3 Nf6 21.c5 dxc5 22.Nc4  1-0

[Event "HUN-ch (Women)"]
[Site "Lillafured"]
[Date "1999.02.05"]
[Round "5"]
[White "Madl, Ildiko"]
[Black "Lakos, Nikoletta"]
[Result "1/2-1/2"]
[WhiteElo "2409"]
[BlackElo "2346"]

1.e4 c5 2.Nf3 d6 3.Bb5+ Nd7 4.d4 Nf6 5.Nc3 cxd4 6.Qxd4 e5 7.Qd3 h6 8.O-O a6
9.Bc4 b5 10.Bd5 Rb8 11.Be3 Qc7 12.Rfd1 b4 13.Na4 Nxd5 14.exd5 Nf6 15.Ne1 Rb5
16.c4 bxc3 17.Nxc3 Rxb2 18.Rdc1 Qb7 19.Rab1 Rxb1 20.Rxb1 Qc7 21.Rb6 Be7 22.Rc6 Qd7
23.Qc4 O-O 24.Rc7 Qe8 25.Nd3 Nd7 26.Nb4 Nc5 27.Nc6 Bd7 28.Nxe7+ Qxe7 29.Bxc5 dxc5
30.Qxa6 Qg5 31.Ne4 Qc1+ 32.Qf1 Qc2 33.Nxc5 Rc8 34.Rxc8+ Bxc8 35.Nd3 Qxa2
36.Nxe5  1/2-1/2

[Event "Budapest FS02 GM"]
[Site "Budapest"]
[Date "1999.02.07"]
[Round "2"]
[White "Miroshnichenko, Evgeny"]
[Black "Vajda, Levente"]
[Result "1-0"]
[WhiteElo "2500"]
[BlackElo "2484"]

1.e4 c5 2.Nf3 d6 3.Bb5+ Bd7 4.Bxd7+ Qxd7 5.c4 Nf6 6.Nc3 g6 7.O-O Bg7 8.d4 O-O
9.d5 a6 10.a4 Qc7 11.h3 Nbd7 12.Re1 e5 13.dxe6 fxe6 14.Bf4 Ne5 15.Nxe5 dxe5
16.Be3 Rad8 17.Qc2 Nh5 18.Rad1 Rd4 19.Bxd4 exd4 20.Ne2 Bh6 21.Rf1 e5 22.g3 Ng7
23.Nc1 Bxc1 24.Rxc1 Qd7 25.Kg2 Ne6 26.Qd2 Qxa4 27.f4 exf4 28.gxf4 Qc6 29.Rce1 b5
30.b3 bxc4 31.bxc4 a5 32.Kg1 Rf7 33.Rf2 a4 34.f5 Nf8 35.Qg5 Qc8 36.h4 a3
37.h5 h6 38.Qg3 g5 39.Qxa3 Qd7 40.Qxc5  1-0

[Event "Goodricke 10th op"]
[Site "Calcutta"]
[Date "1999.02.07"]
[Round "2"]
[White "Yogesh, Gore"]
[Black "Mithrakanth, Poorna Sharma"]
[Result "0-1"]
[WhiteElo "2320"]
[BlackElo "2375"]

1.e4 c5 2.Nf3 d6 3.Bb5+ Bd7 4.Bxd7+ Qxd7 5.d4 cxd4 6.Nxd4 Nf6 7.Nc3 g6 8.Nd5 Bg7
9.O-O Nc6 10.Re1 Nxd5 11.Nxc6 Nc3 12.bxc3 Qxc6 13.Bd2 O-O 14.Re3 Rac8 15.Qg4 Qa4
16.Rc1 Rc4 17.Qh4 Bf6 18.Qf4 Rfc8 19.Rce1 R8c5 20.Rf3 Re5 21.Qg4 Qxc2 22.Be3 Qxe4
23.Qd7 Qc6 24.Qd8+ Kg7  0-1

[Event "Yangon schev"]
[Site "Yangon"]
[Date "1999.02.07"]
[Round "8"]
[White "Tin Htun Zaw"]
[Black "Thein Dan Oo"]
[Result "0-1"]
[WhiteElo "2509"]
[BlackElo "2539"]

1.e4 c5 2.Nf3 d6 3.Bb5+ Nd7 4.O-O Nf6 5.Re1 a6 6.Bf1 e5 7.c3 Be7 8.d4 O-O
9.b3 Qc7 10.Bb2 b5 11.dxe5 dxe5 12.c4 b4 13.Nbd2 Bb7 14.g3 Rfe8 15.Bh3 Bf8
16.Qe2 g6 17.Qe3 Bg7 18.Nh4 Rad8 19.f3 Nb8 20.Nf1 a5 21.Rad1 h6 22.Qf2 Kh7
23.Ne3 Rxd1 24.Rxd1 Nc6 25.Nd5 Nxd5 26.exd5 Nd4 27.Ng2 f5 28.Re1 Bc8 29.Bxd4 cxd4
30.Nf4 Rf8 31.Ne2 d3 32.Nc1 e4 33.Qe3 Bc3 34.Rd1 f4 35.gxf4 Bxh3 36.fxe4 Qd7
37.Rxd3 Qg4+ 38.Qg3 Rxf4  0-1

[Event "RUS-Cup03 (Geller mem)"]
[Site "Moscow"]
[Date "1999.02.08"]
[Round "7"]
[White "Novichkov, Vadim"]
[Black "Pres, Grigorii"]
[Result "1-0"]
[WhiteElo "2420"]
[BlackElo "2352"]

1.e4 c5 2.Nf3 d6 3.Bb5+ Bd7 4.Bxd7+ Nxd7 5.O-O Ngf6 6.Re1 e5 7.c3 Be7 8.d4 O-O
9.dxe5 dxe5 10.a4 Qc7 11.Na3 Rfd8 12.Qe2 Nf8 13.Nc4 Ng6 14.g3 Rd7 15.Bg5 Rad8
16.Bxf6 Bxf6 17.Red1 Qc6 18.Rxd7 Rxd7 19.h4 Qe6 20.Ne3 Ne7 21.Qc4 Qxc4 22.Nxc4 Nc6
23.Kf1 Kf8 24.Ke2 Ke8 25.Ne3 Bd8 26.Nd2 a6 27.Ndc4 f6 28.Nd5 Kf7 29.h5 g6
30.hxg6+ hxg6 31.Rh1 Kg7 32.f3 b5 33.Na3 Rb7 34.Rd1 Kf7 35.Ne3 Be7 36.Ra1 Bd8
37.Nac2 Na5 38.axb5 axb5 39.b4 Nb3 40.Ra3 c4 41.Nd5 Nc1+ 42.Kf1 Nd3 43.Ra8 Bb6
44.Ra6 Bd8 45.Rd6 Be7 46.Rc6 Bd8 47.Rc8 Bb6 48.Ke2 Kg7 49.Rc6 Bd8 50.Rd6 Rb8
51.Na3 Ra8 52.Nxb5 Ra2+ 53.Kf1 Rb2 54.Na3 Nf2 55.Ke1 Nd3+ 56.Kf1 Rf2+ 57.Kg1 Rxf3
58.Nxc4 f5 59.Rxd8 fxe4 60.Kg2 Rf2+ 61.Kh3 Kh6 62.Rh8+ Kg5 63.Nd6 Re2 64.Rf8 e3
65.Ne4+ Kh6 66.Rf3  1-0

[Event "HUN-ch"]
[Site "Lillafured"]
[Date "1999.02.09"]
[Round "9"]
[White "Varga, Zoltan"]
[Black "Tolnai, Tibor"]
[Result "1/2-1/2"]
[WhiteElo "2518"]
[BlackElo "2535"]

1.e4 c5 2.Nf3 d6 3.Bb5+ Bd7 4.Bxd7+ Nxd7 5.O-O Ngf6 6.Qe2 e6 7.c3 Be7 8.d4 cxd4
9.cxd4 d5 10.e5 Ne4 11.Nbd2 Nxd2 12.Bxd2 O-O 13.Qb5 Nb6 14.Ba5 Qd7 15.Qxd7 Nxd7
16.Rfc1 Rfc8 17.Bd2 h6 18.Rxc8+ Rxc8 19.Rc1 Rxc1+ 20.Bxc1 f6  1/2-1/2

[Event "Yangon schev"]
[Site "Yangon"]
[Date "1999.02.09"]
[Round "10"]
[White "Aung Thant Zin"]
[Black "Thein Dan Oo"]
[Result "1-0"]
[WhiteElo "2410"]
[BlackElo "2539"]

1.e4 c5 2.Nf3 d6 3.Bb5+ Nd7 4.d4 cxd4 5.Qxd4 Nf6 6.c4 e5 7.Qd3 a6 8.Bxd7+ Bxd7
9.Nc3 Be7 10.O-O O-O 11.Bg5 Bc6 12.Bxf6 Bxf6 13.Rfd1 Be7 14.Nd5 Bxd5 15.Qxd5 Qc7
16.Rac1 Rfd8 17.Rc3 Rac8 18.h4 h6 19.g4 Qc6 20.Qd3 b5 21.Rdc1 b4 22.Rb3 a5
23.g5 h5 24.Nh2 Rb8 25.Qf3 g6 26.Nf1 Rf8 27.Ne3 f5 28.gxf6 Bxf6 29.Nd5 Bxh4
30.Qh3 Bxf2+ 31.Kg2 Qe8 32.Rf1 Bc5 33.Nf6+ Rxf6  1-0

[Event "Malaga op"]
[Site "Malaga"]
[Date "1999.02.11"]
[Round "9"]
[White "Ricardi, Pablo"]
[Black "Larios Crespo, Manuel"]
[Result "1-0"]
[WhiteElo "2527"]
[BlackElo "2216"]

1.e4 c5 2.Nf3 d6 3.Bb5+ Nd7 4.O-O Nf6 5.Re1 a6 6.Bxd7+ Bxd7 7.c3 Bc6 8.d4 Bxe4
9.Bg5 Bc6 10.Bxf6 gxf6 11.d5 Bd7 12.Nbd2 Qc7 13.b4 O-O-O 14.a4 e6 15.Nc4 e5
16.Nfd2 f5 17.b5 Re8 18.bxa6 bxa6 19.Rb1 Bh6 20.Rb6 Bxd2 21.Qxd2 Bxa4 22.Rxa6 Bb3
23.Nxd6+ Kd7 24.Nb5 Qb8 25.Ra7+ Kc8 26.Qh6 Qxb5 27.Qd6 Qb7 28.Rxb7 Kxb7 29.Qc6+  1-0

[Event "Yangon schev"]
[Site "Yangon"]
[Date "1999.02.11"]
[Round "12"]
[White "Aung Thant Zin"]
[Black "Htun Lynn Kyaw"]
[Result "1-0"]
[WhiteElo "2410"]
[BlackElo "2541"]

1.e4 c5 2.Nf3 d6 3.Bb5+ Nc6 4.d4 cxd4 5.Qxd4 Bd7 6.Bxc6 Bxc6 7.c4 Nf6 8.Nc3 e6
9.O-O Be7 10.b3 O-O 11.Bb2 a6 12.Rad1 Qc7 13.Rfe1 Rfd8 14.Rc1 Qb8 15.Nd5 Bxd5
16.cxd5 e5 17.Qb6 Ne8 18.Ba3 f6 19.Nd2 Qa7 20.Nc4 Qxb6 21.Nxb6 Rab8 22.Rc3 g6
23.g4 Kf7 24.Rf1 f5 25.gxf5 gxf5 26.f4 exf4 27.Rxf4 Ng7 28.Rc7 Ke8 29.exf5 Bf6
30.Re4+  1-0

[Event "Budapest FS02 GM"]
[Site "Budapest"]
[Date "1999.02.12"]
[Round "7"]
[White "Miroshnichenko, Evgeny"]
[Black "Boricsev, Oleg"]
[Result "1/2-1/2"]
[WhiteElo "2500"]
[BlackElo "2360"]

1.e4 c5 2.Nf3 d6 3.Bb5+ Bd7 4.Bxd7+ Qxd7 5.c4 Nc6 6.Nc3 g6 7.d4 cxd4 8.Nxd4 Bg7
9.Be3 Nf6 10.f3 O-O 11.O-O Rac8 12.Nde2 Rfd8 13.Qd2 b6 14.b3 Qb7 15.Kh1 e6
16.Bg5 Rd7 17.Rad1 Ne7 18.Qf4 Ne8 19.Qh4 a6 20.a4 Nc6 21.f4 Na5 22.f5 Nxb3
23.f6 Bf8 24.Rd3 Rxc4 25.Rh3 h5 26.Nf4 Rxc3 27.Rxc3 Nd2 28.Nxh5 Nxe4 29.Rh3 Nxg5
30.Qxg5 Qd5 31.Qxd5 exd5 32.Nf4 Nxf6 33.Nxg6 Bg7 34.Nh4 Ne4 35.Rd3 d4 36.Nf5 Rc7
37.g3 Rc3 38.Rdd1 d3 39.Kg2 d2 40.Rf4 Rc1 41.Rxd2 Nxd2 42.Rg4 Rc5 43.Rxg7+ Kf8
44.Rg5 Ne4 45.Rh5 f6 46.h4 Ra5 47.g4 Rxa4 48.Rh7 b5 49.Kf3 Nd2+ 50.Ke2 Nc4
51.Rb7 Ra2+ 52.Ke1 Ne5 53.h5 Nxg4 54.h6 Nxh6 55.Nxh6 Ke8 56.Kd1 d5 57.Ng4 Kd8
58.Nxf6 Kc8 59.Re7 d4 60.Ne4 b4 61.Nc5 a5 62.Kc1 a4 63.Re4 b3 64.Rxd4 Rc2+  1/2-1/2

[Event "Saint Vincent op"]
[Site "Saint Vincent"]
[Date "1999.02.12"]
[Round "7"]
[White "Sedina, Elena"]
[Black "Vera, Reynaldo"]
[Result "1/2-1/2"]
[WhiteElo "2374"]
[BlackElo "2547"]

1.e4 c5 2.Nf3 d6 3.Bb5+ Nd7 4.O-O Nf6 5.Re1 a6 6.Bf1 b6 7.d4 cxd4 8.Nxd4 Bb7
9.f3 e6 10.a4 Be7 11.Be3 d5 12.exd5 Nxd5 13.Bf2 O-O 14.Nd2 Re8 15.Ne4 g6
16.c4 Nb4 17.Nb3 Bxe4 18.Rxe4 Nc5 19.Nxc5 Bxc5 20.Qxd8 Raxd8 21.a5 f5 22.Re2 Rd6
23.axb6 Bxf2+ 24.Rxf2 Rxb6 25.Rd2 Kf7 26.c5 Rc6 27.Ra4 Rb8 28.Rd7+ Kf6 29.Rd4 Nc2
30.Rd6 Rxd6 31.cxd6 Rxb2 32.Rxa6 Ne3 33.Ra3 f4 34.d7 Rd2 35.Bb5 Rxg2+ 36.Kh1 Rd2
37.Kg1 Rg2+ 38.Kh1 Rd2 39.h3 Rd1+ 40.Kh2 Rd2+ 41.Kg1 Rd1+ 42.Kf2 Rd5 43.Bc6 Rd2+
44.Ke1 Rxd7 45.Rxe3 Rc7 46.Rc3 Kg5 47.Kf2 Kh4 48.Kg2 g5 49.Rc2 h5 50.Be4 Rxc2+
51.Bxc2 g4  1/2-1/2

[Event "Saint Vincent op"]
[Site "Saint Vincent"]
[Date "1999.02.12"]
[Round "7"]
[White "Glek, Igor V"]
[Black "Lugovoi, Aleksei"]
[Result "1/2-1/2"]
[WhiteElo "2566"]
[BlackElo "2510"]

1.e4 c5 2.Nf3 d6 3.Bb5+ Bd7 4.Bxd7+ Qxd7 5.c4 Nc6 6.d4 cxd4 7.Nxd4 Nf6 8.Nc3 e6
9.O-O Be7 10.Be3 O-O 11.Qe2 Rfc8 12.Rad1 a6 13.f4 Qc7 14.b3 Qa5 15.Qe1 Ng4
16.Nxc6 Rxc6 17.Nd5 Qxe1 18.Nxe7+ Kf8 19.Rfxe1 Kxe7 20.Bc1 e5 21.h3 Nf6 22.Ba3 Ke6
23.fxe5 dxe5 24.Rd5 b5 25.Bb2 bxc4 26.Rxe5+ Kd7 27.Rd1+ Rd6 28.Rxd6+ Kxd6
29.bxc4 Rb8 30.Ra5 Rxb2 31.e5+ Ke6 32.exf6 Kxf6 33.Rxa6+ Kg5 34.Ra7 Rc2 35.Ra5+ f5
36.c5 g6 37.a3 Kh4 38.Kh2 f4 39.Ra4 Kg5 40.Kg1  1/2-1/2

[Event "Budapest FS02 GM"]
[Site "Budapest"]
[Date "1999.02.16"]
[Round "11"]
[White "Miroshnichenko, Evgeny"]
[Black "Toth, Andras"]
[Result "1-0"]
[WhiteElo "2500"]
[BlackElo "2301"]

1.e4 c5 2.Nf3 d6 3.Bb5+ Bd7 4.Bxd7+ Qxd7 5.c4 Nc6 6.Nc3 g6 7.d4 cxd4 8.Nxd4 Bg7
9.Be3 Nf6 10.f3 O-O 11.O-O Rfc8 12.Nde2 Qd8 13.Qd2 a6 14.b3 Qa5 15.a4 Rab8
16.Rab1 Qb4 17.Rfc1 Nd7 18.Kh1 Kf8 19.Nf4 Nc5 20.Nfd5 Qa3 21.Qd1 e6 22.Nf4 Rd8
23.Rc2 Bxc3 24.Rxc3 b5 25.Qe1 b4 26.Bc1 Qa2 27.Rb2 Qxb2 28.Bxb2 bxc3 29.Bxc3 Rxb3
30.h3 Ne5 31.Kh2 Rdb8 32.Qd2 Ke7 33.Ne2 Nxa4 34.Bd4 R8b4 35.Bxe5 dxe5 36.Nc1 Rb2
37.Qg5+ f6 38.Qh6 Rxc4 39.Nd3 Ra2 40.Qxh7+ Kd6 41.Qh8 Rd4 42.Qxf6 Rxd3 43.Qd8+ Kc6
44.Qxd3 Nc5 45.Qc3 Kd6 46.Qb4 Kc6 47.Qb8  1-0

[Event "Goodricke 10th op"]
[Site "Calcutta"]
[Date "1999.02.16"]
[Round "11"]
[White "Komliakov, Viktor"]
[Black "Zagrebelny, Sergey"]
[Result "0-1"]
[WhiteElo "2460"]
[BlackElo "2505"]

1.e4 c5 2.Nf3 d6 3.Bb5+ Bd7 4.Bxd7+ Qxd7 5.c4 Nc6 6.Nc3 g6 7.d4 cxd4 8.Nxd4 Nf6
9.f3 Nxd4 10.Qxd4 Bg7 11.Be3 O-O 12.Qd3 a6 13.O-O Rfc8 14.Rac1 Qe8 15.Bd4 e6
16.b3 Rc6 17.Rfd1 Rac8 18.Ne2 Qf8 19.b4 Nd7 20.Bxg7 Qxg7 21.c5 Ne5 22.Qb3 dxc5
23.Rxc5 Rxc5 24.bxc5 Qf8 25.Qxb7 Qxc5+ 26.Kf1 Nc4 27.Rc1 Rd8 28.Ke1 Qa5+
29.Kf2 Qc5+ 30.Ke1 Qa5+ 31.Kf2 Qxa2 32.Qc7 Rd4 33.Qc8+ Kg7 34.Qc5 e5 35.g4 h6
36.h4 Kh7 37.Rc3 a5 38.h5 gxh5 39.gxh5 a4 40.Rc1 Qb3 41.Rc3 Qa2 42.Rc1 Nb2
43.Rc2 Nd3+ 44.Kg3 Nxc5 45.Rxa2 Rd3 46.Kg4 a3 47.Rc2 Nb3 48.Ra2 Nc5 49.Rc2 Ne6
50.Rc8 Rd2 51.Nc1 Nd4 52.Rc3 Rg2+ 53.Kh3 Rc2 54.Rxc2 Nxc2 55.Kg4 Kg7  0-1

[Event "Cappelle op"]
[Site "Cappelle la Grande"]
[Date "1999.02.16"]
[Round "4"]
[White "Cieza Vega, Arcadio"]
[Black "Timoshenko, Georgy"]
[Result "0-1"]
[WhiteElo "2335"]
[BlackElo "2592"]

1.e4 c5 2.Nf3 d6 3.Bb5+ Nc6 4.c3 Nf6 5.d3 Bd7 6.O-O a6 7.Ba4 e5 8.Re1 b5
9.Bb3 Be7 10.Bg5 h6 11.Bxf6 Bxf6 12.Nbd2 O-O 13.Nf1 g6 14.Ne3 Bg7 15.Bd5 Rb8
16.Qe2 Kh7 17.Rad1 a5 18.h3 b4 19.Nh2 a4 20.Bxc6 Bxc6 21.c4 f5 22.f3 f4 23.Nd5 h5
24.Qf2 Bh6 25.Re2 Bg5 26.Kh1 Bh4 27.Qg1 Rb7 28.Nf1 Bd7 29.Nh2 Be6 30.Rdd2 Rg7
31.Qd1 Qa5 32.Nf1 Rff7 33.Nh2 g5 34.Rc2 Rg6 35.Rc1 Rh6 36.Qd2 Qa7 37.a3 b3
38.Nc3 g4 39.Nb5 Qa6 40.d4 cxd4 41.Qb4 Qc8 42.Rd2 gxh3 43.gxh3 Bxh3 44.Rg1 Bg3
45.Nf1 Rg6 46.Nh2 Rfg7 47.Nf1 Be1  0-1